Feminización del hábito lector (Record no. 169341)
[ view plain ]
| 000 -CABECERA | |
|---|---|
| campo de control de longitud fija | 00721nab a2200253 a 4500 |
| 005 - FECHA Y HORA DE LA ÚLTIMA TRANSACCIÓN | |
| campo de control | 20210219162054.0 |
| 008 - ELEMENTOS DE LONGITUD FIJA--INFORMACIÓN GENERAL | |
| campo de control de longitud fija | 991125s1985 mx 000 0 spa u |
| 035 ## - NÚMERO DE CONTROL DEL SISTEMA | |
| Número de control de sistema | UPN01000197240 |
| 049 ## - COLECCIÓN | |
| Colección | ART-E |
| 100 1# - ASIENTO PRINCIPAL--NOMBRE PERSONAL | |
| Nombre de persona | Lasarte Leonet, Gema |
| 222 ## - TÍTULO CLAVE | |
| Título clave | OCNOS : |
| Información calificativa | REVISTA DE ESTUDIOS SOBRE LECTURA |
| 245 ## - MENCIÓN DE TÍTULO | |
| Título | Feminización del hábito lector |
| 260 ## - PUBLICACIÓN, DISTRIBUCIÓN, ETC. | |
| Lugar de publicación, distribución, etc. | España |
| 300 ## - DESCRIPCIÓN FÍSICA | |
| Extensión | 53-68 |
| 362 0# - FECHAS DE PUBLICACIÓN Y/O DESIGNACIÓN SECUENCIAL | |
| Fecha de publicación y/o designación secuencial | 2013, no. 9 |
| 338 ## - TIPO DE SOPORTE | |
| Nombre/término del tipo de soporte | recurso en linea |
| 653 0# - TERMINO DE INDIZACION - NO CONTROLADO | |
| Término no controlado | HABITOS DE LECTURA |
| 653 0# - TERMINO DE INDIZACION - NO CONTROLADO | |
| Término no controlado | ESTUDIOS DE GENERO |
| 653 0# - TERMINO DE INDIZACION - NO CONTROLADO | |
| Término no controlado | LITERATURA INFANTIL Y JUVENIL |
| 653 0# - TERMINO DE INDIZACION - NO CONTROLADO | |
| Término no controlado | ESPAÑA |
| 856 1# - LOCALIZACIÓN Y ACCESO ELECTRÓNICOS | |
| Identificador Uniforme del Recurso | <a href="http://www.revista.uclm.es/index.php/ocnos/article/view/126/261">http://www.revista.uclm.es/index.php/ocnos/article/view/126/261</a> |
| 905 ## - TIPO DE MATERIAL | |
| Tipo de material | Articulo |
No items available.
